[Event "Condom op-A"]
[Site "Condom"]
[Date "2009.07.12"]
[Round "2"]
[White "Marie, Adrien"]
[Black "Paci, Nicolas"]
[Result "1/2-1/2"]
[WhiteElo "2056"]
[BlackElo "1828"]
[PlyCount "48"]
[EventDate "2009.07.11"]
[EventType "swiss"]
[EventRounds "9"]
[EventCountry "FRA"]
[SourceTitle "CBM 131 Extra"]
[Source "ChessBase"]
[SourceDate "2009.09.03"]
[SourceVersion "2"]
[SourceVersionDate "2009.09.16"]
[SourceQuality "1"]

1. e4 c5 2. Nf3 e6 3. d4 cxd4 4. Nxd4 Nc6 5. Be3 Nf6 6. f3 d5 7. Bb5 Bd7 8. Bxc6 bxc6 9. e5 Ng8 10. 0-0 c5 11. Ne2 Qc7 12. f4 Ne7 13. Nd2 Nf5 14. Bf2 h5 15. Ng3 g6 16. Nxf5 gxf5 17. Bh4 Be7 18. Bxe7 Kxe7 19. Rf3 Rag8 20. Qe1 h4 21. Qf2 d4 22. Ra3 Bc6 23. g3 Rg4 24. c3 Rhg8 1/2-1/2

[Event "FRA-chT2A 0506"]
[Site "France"]
[Date "2005.12.04"]
[Round "4.8"]
[White "Le Bail, Clara"]
[Black "Marie, Adrien"]
[Result "1-0"]
[WhiteElo "1937"]
[BlackElo "2069"]
[PlyCount "51"]
[EventDate "2005.10.27"]
[EventType "team-tourn"]
[EventRounds "11"]
[EventCountry "FRA"]
[SourceTitle "EXT 2006"]
[Source "ChessBase"]
[SourceDate "2005.11.24"]
[SourceVersion "1"]
[SourceVersionDate "2005.11.24"]
[SourceQuality "1"]
[WhiteTeam "Rennes Paul Bert"]
[BlackTeam "Clermont Ferrand"]
[WhiteTeamCountry "FRA"]
[BlackTeamCountry "FRA"]

1. e4 d5 2. exd5 Nf6 3. d4 Nxd5 4. c4 Nf6 5. Nf3 g6 6. Nc3 Bg7 7. Bd3 0-0 8. 0-0 c6 9. Re1 Re8 10. h3 Nbd7 11. Bf4 Nb6 12. Qc2 Be6 13. b3 Qd7 14. Rad1 Nh5 15. Bh2 Bh6 16. Ne5 Qc8 17. Ne2 Ng7 18. Nf4 Nf5 19. Nxe6 fxe6 20. Be4 Bg7 21. g4 Nd6 22. Bxg6 hxg6 23. Qxg6 c5 24. dxc5 Qxc5 25. Nd3 Qd4 26. Be5 1-0

[Event "FRA-chT3 Gr12 0304"]
[Site "Loire"]
[Date "2004.03.14"]
[Round "7.5"]
[White "Piat, Jerome P"]
[Black "Marie, Adrien"]
[Result "1-0"]
[WhiteElo "2085"]
[BlackElo "2040"]
[PlyCount "45"]
[EventDate "2003.10.12"]
[EventType "team"]
[EventRounds "9"]
[EventCountry "FRA"]
[SourceTitle "EXT 2008"]
[Source "ChessBase"]
[SourceDate "2007.11.25"]
[SourceVersion "1"]
[SourceVersionDate "2007.11.25"]
[SourceQuality "1"]

1. e4 e6 2. d4 d5 3. Nc3 dxe4 4. Nxe4 Nd7 5. Nf3 Ngf6 6. Bg5 Be7 7. Nxf6+ Nxf6 8. Bc4 0-0 9. 0-0 b6 10. Re1 Bb7 11. Ne5 Nd5 12. Bxe7 Qxe7 13. Qg4 Rfd8 14. Rad1 c5 15. dxc5 bxc5 16. Bb5 Qc7 17. Nd3 a6 18. Bc4 Nb6 19. Bxe6 fxe6 20. Qxe6+ Kh8 21. Ne5 Rf8 22. Rd3 Rae8 23. Ng6+ 1-0

[Event "FRA-chT3 Gr12 0304"]
[Site "Loire"]
[Date "2003.11.16"]
[Round "3.7"]
[White "Marie, Adrien"]
[Black "Moreira, Philippe"]
[Result "1-0"]
[WhiteElo "2040"]
[BlackElo "2032"]
[PlyCount "115"]
[EventDate "2003.10.12"]
[EventType "team"]
[EventRounds "9"]
[EventCountry "FRA"]
[SourceTitle "EXT 2008"]
[Source "ChessBase"]
[SourceDate "2007.11.25"]
[SourceVersion "1"]
[SourceVersionDate "2007.11.25"]
[SourceQuality "1"]

1. e4 d5 2. exd5 Nf6 3. Bb5+ Bd7 4. Bc4 b5 5. Bb3 Bg4 6. f3 Bc8 7. Nc3 a6 8. Nge2 Bb7 9. d4 Nxd5 10. Nxd5 Bxd5 11. Bf4 c6 12. Nc3 e6 13. Nxd5 cxd5 14. a4 b4 15. 0-0 Nd7 16. Bxd5 Ra7 17. Bc6 Qb6 18. Bxd7+ Rxd7 19. c3 Be7 20. a5 Qa7 21. Qe2 0-0 22. Be3 Rc8 23. c4 Qc7 24. c5 Qb7 25. Ra4 Bf6 26. Qc4 Rb8 27. Rd1 Qb5 28. Qxb5 Rxb5 29. c6 Rc7 30. Rc1 Kf8 31. Rc4 Be7 32. Bf4 Rc8 33. c7 Ke8 34. Rc6 Rd5 35. Rxa6 Rxd4 36. Bg3 Bc5 37. Kf1 Kd7 38. Bf2 Rd5 39. Bxc5 Rxc5 40. Rxb4 R8xc7 41. Rd4+ Rd5 42. Rxd5+ exd5 43. b4 Rb7 44. Rb6 Rxb6 45. axb6 Kc6 46. Ke2 Kxb6 47. Kd3 Kb5 48. Kd4 Kxb4 49. Kxd5 Kc3 50. Kd6 Kd4 51. Ke7 f5 52. Kf7 Ke3 53. Kxg7 f4 54. Kh6 Kf2 55. Kg5 Kxg2 56. Kxf4 Kxh2 57. Kg4 Kg2 58. f4 1-0

[Event "FRA-chT3 Gr12 0304"]
[Site "Loire"]
[Date "2003.10.12"]
[Round "1.6"]
[White "Lafrechoux, Laurent"]
[Black "Marie, Adrien"]
[Result "0-1"]
[WhiteElo "1750"]
[BlackElo "2040"]
[PlyCount "60"]
[EventDate "2003.10.12"]
[EventType "team"]
[EventRounds "9"]
[EventCountry "FRA"]
[SourceTitle "EXT 2008"]
[Source "ChessBase"]
[SourceDate "2007.11.25"]
[SourceVersion "1"]
[SourceVersionDate "2007.11.25"]
[SourceQuality "1"]

1. e4 e6 2. f4 d5 3. Nc3 dxe4 4. Nxe4 Nd7 5. b3 Ngf6 6. Bd3 Nxe4 7. Bxe4 Qf6 8. d4 Bb4+ 9. Kf2 Bc3 10. Be3 Bxa1 11. Qxa1 Nb6 12. Nf3 Nd5 13. Bd2 0-0 14. Rf1 Qe7 15. Ne5 Nf6 16. Bd3 b6 17. g4 Nxg4+ 18. Nxg4 Qh4+ 19. Ke3 Qxg4 20. Rg1 Qh3+ 21. Kf2 Bb7 22. d5 f6 23. Be4 Bxd5 24. Bxd5 exd5 25. Rg2 Rae8 26. Kg1 Re6 27. Qd4 Qf3 28. Rf2 Qe4 29. Qc3 c5 30. Qg3 f5 0-1